LEADER 01078nam a2200217 i 4500 001 000000019912 003 CaOOAMICUS 005 20251015144422.0 008 180830s194u it u000 u ita u 040 $aSeMil$bita 100 1 $aNietzsche, Friedrich,$d<1844-1900>.$0(OLS)http://semarc/name/1250 240 10$aNietzsches Werke.$0(OLS)http://semarc/title/26207 245 10$aOpere complete di Federico Nietzsche. 264 1$aMilano :$bMonanni : Sonzogno,$c[194?] 300 $av. ;$c21 cm. 774 0 $aNietzsche, Friedrich <1844-1900>$tVolontà di potenza.$b1. ed. italiana autorizzata.$dMilano : Monanni, 1927$g10$w()68495 774 0 $aNietzsche, Friedrich <1844-1900>$tDi là del bene e del male.$dMilano : Monanni, 1927.$g8$w()68518 774 0 $aNietzsche, Friedrich <1844-1900>$tUmano troppo umano.$b1. ed. italiana autorizzata.$dMilano : Sonzogno, 1941.$g3$w()70384 996 $6245$aOpere complete di Federico Nietzsche$9(OLS)http://semarc/title/26206 996 $6264$aMilano :$bMonanni : Sonzogno$9(OLS)http://semarc/publisher/62647 LEADER 01088nam a2200241 i 4500 001 000000056640 003 CaOOAMICUS 005 20130129000000.0 008 130129s1994 it u000 u ita u 013 $a27812 040 $aSeMil$bita 245 10$aDomus Ambrosii :$bil complesso monumentale dell'Arcivescovado /$ctesti di Adele Buratti Mazzotta ... [et al.] ; fotografie di Enrico Belluschi. 260 $aMilano :$bBanca Agricola Milanese,$c1994. 300 $a207 p. :$bill. ;$c31 cm. 500 $aIn custodia. 650 4$aMilano - Palazzo dell'Arcivescovado.$0(OLS)http://semarc/subject/7944 700 1 $aBelluschi, Enrico.$0(OLS)http://semarc/name/28680 700 1 $aBuratti Mazzotta, Adele.$0(OLS)http://semarc/name/18855 850 $aSeMil 852 $aSeMil$W1$xVenegono$y1$m3O VI 150$j22794$B22794$CSeMilBibl$Z2$F22796 $81 961 $aOmaggio: Ferrario mons. Emilio 996 $6245$aDomus Ambrosii :$bil complesso monumentale dell'Arcivescovado$9(OLS)http://semarc/title/88101 996 $6260$aMilano :$bBanca Agricola Milanese$9(OLS)http://semarc/publisher/37957 LEADER 00735naa a2200145 i 4500 001 000000293855 003 CaOOAMICUS 005 20180831172455.0 008 180831n xx u000 u und u 013 $a1138 040 $aSeMil$bita 100 1 $aRompay, Lucas : van.$0(OLS)http://semarc/name/214 245 10$aImpetuous martyrs? :$bthe situation of the persian christians in the last years of Yazdgard 1. (419-420) 773 0 $tMartyrium in multidisciplinary perspective.$dLeuven : University Press, 1995.$kBibliotheca Ephemeridum Theologicarum Lovaniensium$z90-6186-665-0$z90-6831-680-X$w()42380 996 $6245$aImpetuous martyrs? :$bthe situation of the persian christians in the last years of Yazdgard 1. (419-420)$9(OLS)http://semarc/title/369944